000
00233nam a22001097a 4500
082
_a
808 BUR'O
100
_a
BURR, MALCOLM
_9
57774
245
_a
QUEST AND CONQUEST
260
_a
LONDON
_b
GEOFFRY
_c
1952
300
_a
137P
942
_c
BK
999
_c
568030
_d
568030